00331nam a2200121Ia 4500008004100000041000800041082001600049100003300065245003100098250000800129260006400137300000800201231228s2008 xx 000 0 und d aeng a658.87bCOX aCOX (Roger)/ BRITTAIN (Paul) aRetailing: An Introduction a5th aNew DelhibPearson Education Delhi, Harlow, Singaporec2008 a348